British music
Պահպանված է:
| Հիմնական հեղինակ: | |
|---|---|
| Ձևաչափ: | Գիրք |
| Լեզու: | անգլերեն |
| Հրապարակվել է: |
Londres
Longmans Green
1943
|
| Շարք: | British Life and Thoght, 18
|
| Խորագրեր: | |
| Ցուցիչներ: |
Ավելացրեք ցուցիչ
Չկան պիտակներ, Եղեք առաջինը, ով նշում է այս գրառումը!
|
MARC
| LEADER | 00000nam a2200000 a 4500 | ||
|---|---|---|---|
| 001 | UCN3172 | ||
| 003 | CL-VaPUC | ||
| 008 | 010622e19430000UK |||||||||||||||||eng|d | ||
| 082 | 0 | 4 | |a 780.941 |b WES |2 21 |
| 100 | 0 | |a Westrup, Jack Allan |e author |9 459543 | |
| 245 | 1 | 0 | |a British music |
| 300 | |a 39 p | ||
| 942 | |c BK | ||
| 945 | |d 20010622 00:00:00 |a crobeson | ||
| 260 | |a Londres |b Longmans Green |c 1943 | ||
| 650 | 7 | |a MUSICA BRITANICA - HISTORIA Y CRITICA |2 CL-VaPUC |9 459544 | |
| 650 | 7 | |a CRITICA MUSICAL |2 CL-VaPUC |9 459545 | |
| 583 | |a last modification |c 20010622 00:00:00 |k Rodrigo Vera | ||
| 490 | 0 | |a British Life and Thoght, 18 | |
| 999 | |c 296097 |d 296095 | ||
| 952 | |0 0 |1 0 |4 0 |6 780_941000000000000_WES_1943 |7 0 |8 A |9 349695 |a BIBEDU |b BIBEDU |d 2019-11-20 |i 1188380 |o 780.941 WES 1943 |p 1188380 |r 2023-01-12 |w 2019-11-20 |y BK |k MUS | ||